000 00429nam a2200193Ia 4500
001 12066
003 GE_BSU
008 181216s||||||||xx |||||||||||||| ||und||
040 _cGE_BSU
080 _a821.111-312.4
100 _aVillefranche,Anne-Marie
245 _aMystere O' Amour
260 _aLondon
260 _bGuild publishing.
260 _c1988.
300 _a320p;24cm.
653 _aMystere O' Amour
942 _cBK
999 _c45243
_d45243